| 000 | 00359nam a2200145Ia 4500 | ||
|---|---|---|---|
| 008 | 230917s9999||||xx |||||||||||||| ||und|| | ||
| 040 |
_e38418 _aMAIN |
||
| 041 | _aEnglish | ||
| 082 | _a954.03 A48M | ||
| 100 | _aAhluwalia, B K | ||
| 245 | 0 | _aMuslims and India's freedom movement | |
| 260 |
_aNew Delhi _bHeritage _c1985 |
||
| 300 | _ax, 265 p. | ||
| 942 | _cBK | ||
| 999 |
_c46565 _d46565 |
||